000 00950cam a2200289 i 4500
999 _c59058
_d59058
001 17639464
005 20221115123151.0
008 130227s2013 enk 000 0 eng
010 _a 2013006350
020 _a9781107647916 (pbk. : level 2) X
020 _a9781107627222 (Teacher's manual : level 2) X
080 _a811.111.366 W-69
100 1 _aWilliams, Jessica,
_d1957-
_915823
245 1 0 _aAcademic encounters :
_bAmerican studies : reading, writing /
_cJessica Williams.
250 _aSecond edition.
264 1 _aCambridge :
_bCambridge University Press,
_c[2013]
300 _axvi, 208 pages :
_bcolor illustrations ;
_c26 cm.
336 _atext
_2rdacontent
337 _aunmediated
_2rdamedia
338 _avolume
_2rdacarrier
490 0 _aAmerican encounters
653 _aინგლისური ენა
653 _aEnglish language
653 _aAcademic writing
653 _aStudy skills
942 _2udc
_cBK